000 00463pab a2200157 454500
008 180718b2008 xxu||||| |||| 00| 0 eng d
100 _aPratap, Dinesh
245 _aCommunity participation in forest management: a study of Doon valley, Uttarakhand
260 _c2008
300 _ap.67-75.
650 _aForest management - India - Uttarakhand
650 _aForest management
773 _aIndian Journal of Regional Science
908 _aN
909 _a79371
999 _c79371
_d79371